000 00859naa a22002777a 4500
001 BR9301818
003 BR-BrBNA
005 20240918181027.0
007 ta
008 230509b bl.||||| |||| 00| 0 por d
040 _aBR-BrBNA
_bpor
_cBiblioteca Nacional de Agricultura
041 _a(Pt)
072 _aP31; E11
090 _aP31 BR9301818
100 1 _aRauen, M. de J.
245 1 _aSolos no Parana
260 3 _aCascavel, PR (Brasil):
_c1991.
500 _aAnais do curso de atualizacao em pastagem Cascavel, PR (Brasil): 1991. p. 9-45 (BR9301818-AM)P31
650 _aSolo
650 _aReconhecimento do Solo
650 _aAptidao Agricola
650 _aParana
773 0 _tAnais do curso de atualizacao em pastagem
_wP31 BR9301818
_gCascavel, PR (Brasil), 1991. p. 9-45
909 _a202404
_bLucia
_c55
_dLucia Elande
942 _cAM
_2AGRIS
999 _c323256
_d323256